01032nam a22002417a 45000010005000000030006000050050017000110080041000280200018000690400029000870500008001160820008001241000020001322450107001522600030002593000048002894900025003375050008003625200338003705210030007085210020007387000032007587136FISKH20250626084450.0250625b cb ||||| |||| 00| 0 eng d a9788956355092 aFISKHbengcFISKHdFISKH aPZ7 a800 aSormark, Julie  aThe fisherman and the golden fish /cRetold by Julie Sormark : through the Art style of Henri Matisse  aSeoul :be-future c2010. a39 pages : bcolor illustrations ;c23 cm . aArt classic stories  aJ  aA fisherman caught a golden fish. The fish asked the him to let it go. The fisherman's wife asked her husband to go and request various things from the fish. The fish granted all of her requests. Driven by greed, she eventually asked the fish to make her a queen. The fish became very upset, and in the end, she lost everything. 8 a500 bLexile estimate 8 aJ bRaz-Plus  aCho, HeegyeongeIllustrator